000 00428nam a2200169 a 4500
001 0000-9380
003 ELIB.Books
008 110520 1999
035 _a(ELIB.Books)0000-9532
082 _a286
_bSta
100 _aStaton, Cecil P.
245 _aWhy I am a Baptist
260 _bMacon: Smyth and Helwys Publishing, Inc.
_c1999
650 _aReligion
942 _2ddc
_cBK
998 _cbat
_e2011-05-20
999 _c9380
_d9380